000
00201nam a22000857a 4500
008
170612b xxu||||| |||| 00| 0 eng d
100
_9
3349
_a
Gupta A. D
245
_a
Math Steps -1
260
_a
New Delhi
_c
2009
999
_c
6685
_d
6685